1784 1395 1690 1181 1394 1889 1091 1308 1671 1440 1095 1774 1964 1296 1842 1592 1521 1335 1289 1307 1613 1305 1993 1827 1905 1692 1195 1377 1036 1325 1457 1503 1905 1188 1354 1878 1691 1672 1796 1346 1765 1701 1503 1119 1751 1417 1362 1185 1759 1461 1869 1081 1521 1243 1251 1016 1627 1977 1796 1670 1541 1754 1007 1170 1313 1881 1971 1742 1716 1809 1574 1983 1543 1331 1054 1885 1087 1498 1579 1863 1301 1073 1706 1764 1801 1388 1398 1576 1329 1279 1909 1979 1803 1091 1145 1273 1698 1718 1163 BCNSPRNW ULIB Ver.6.0+V

เปลี่ยนเป็นภาษาไทย

Change to English
 แสดงรายละเอียดบรรณานุกรม
  กลับหน้าหลัก

Brief Record : Get Marc (ISO 2709) : E-mail record : QR code < ปิดหน้าต่าง
LEADER : 00000nam 2200000uu 4500
001    13399114382
003     ULIB
008    120327s2552||||th 000 0 tha d
020    ^a9786160600199
090    ^aนว.^bช742D 2552
100 0  ^aเชิงอรรถ
245 00 ^aThe Dragon Garrett ผู้พิทักษ์มังกร/^cเชิงอรรถ
250    ^aพิมพ์ครั้งที่ 2
260    ^aกรุงเทพฯ :^bแจ่มใส,^c2552
300    ^a377 หน้า
710 1  ^aแจ่มใส
945    ^p239^l0^i16421
995    ^aกัณชพร
999    ^aใช้งานได้ทุกระบบ
รายการนี้ยังไม่มีแท็ก
คุณยังไม่ได้ล็อกอิน คุณสามารถมีกิจกรรมร่วมกับเว็บไซต์ได้ แต่ต้องล็อกอินก่อน ::
  ล็อกอิน

รายการสื่อสารสนเทศ

ลำดับที่ ประเภท เลขเรียก/บาร์โค้ด สถานที่ สถานะ
1. นวนิยาย
นวนิยาย
นว. ช742D 2552  
  Barcode: 16421
ห้องสมุดวิทยาเขตสวรรค์ประชารักษ์
►นวนิยาย
บนชั้น
  ขอยืม

รายการใกล้เคียง
    ผู้แต่ง [เชิงอรรถ]

BibComment


ยังไม่เคยถูกคอมเมนท์

คอมเมนท์ทรัพยากรรายการนี้
  คอมเมนท์: The Dragon Garre..


 Copyright 2026. Bcnsprnw @Library